<?xml version="1.0" encoding="UTF-8"?>
<collection xmlns="http://www.loc.gov/MARC21/slim">
 <record>
  <leader>00422pamaa2200157   4500</leader>
  <controlfield tag="001">0000023472</controlfield>
  <controlfield tag="005">20060805090000.0</controlfield>
  <datafield tag="020" ind1="0" ind2="0">
   <subfield code="a">0099468417 </subfield>
  </datafield>
  <datafield tag="090" ind1="0" ind2="0">
   <subfield code="a">HQ1883 </subfield>
   <subfield code="b">SAD 1995</subfield>
  </datafield>
  <datafield tag="100" ind1="1" ind2="0">
   <subfield code="a">SADEK </subfield>
  </datafield>
  <datafield tag="245" ind1="1" ind2="0">
   <subfield code="a">Working out : </subfield>
   <subfield code="b">a woman's guide to career success  </subfield>
   <subfield code="c">Jackie Sadek and Sheila Egan.</subfield>
  </datafield>
  <datafield tag="260" ind1="0" ind2="0">
   <subfield code="a">London: </subfield>
   <subfield code="b">Arrow, </subfield>
   <subfield code="c">1995.</subfield>
  </datafield>
  <datafield tag="300" ind1=" " ind2=" ">
   <subfield code="a">xii, 355p.; </subfield>
   <subfield code="c">20cm.</subfield>
  </datafield>
  <datafield tag="650" ind1="0" ind2="0">
   <subfield code="a">Womens -- </subfield>
   <subfield code="x">Career </subfield>
  </datafield>
  <datafield tag="700" ind1="1" ind2="1">
   <subfield code="a">EGAN, </subfield>
   <subfield code="h">Sheila </subfield>
  </datafield>
 </record>
</collection>
